[Event "Capablanca Memorial op 57th"]
[Site "Havana"]
[Date "2024.05.06"]
[Round "4"]
[White "Toledano Martinez, Hiram"]
[Black "Palsson, Halldor Peter"]
[Result "1/2-1/2"]
[WhiteElo "1712"]
[BlackElo "1840"]
[PlyCount "77"]
[EventDate "2024.05.03"]
[EventType "swiss"]
[EventRounds "10"]
[EventCountry "CUB"]
[SourceTitle "EXT 2025"]
[Source "ChessBase"]
[SourceDate "2024.10.14"]
[SourceVersion "1"]
[SourceVersionDate "2024.10.14"]
[SourceQuality "1"]

1. e4 e6 2. d4 d5 3. e5 c5 4. c3 Nc6 5. Nf3 Qb6 6. Be2 Nh6 7. Bxh6 gxh6 8. Qd2 Bg7 9. Na3 a6 10. 0-0 0-0 11. Nc2 Bd7 12. Ne3 f6 13. Ng4 fxe5 14. Ngxe5 Be8 15. Rfe1 cxd4 16. cxd4 Nxd4 17. Nxd4 Bxe5 18. Nf3 Bg7 19. Rac1 Rd8 20. Bd3 Bh5 21. Ne5 Qd6 22. f4 Rf6 23. g4 Bg6 24. g5 hxg5 25. fxg5 Rff8 26. Nxg6 hxg6 27. Bxg6 e5 28. Bc2 e4 29. Re3 Qf4 30. Kh1 Bxb2 31. Rg1 d4 32. Bb3+ Kg7 33. Re2 Qxd2 34. Rxd2 Bc3 35. Re2 e3 36. Bc4 Bd2 37. Bd3 Rc8 38. Rg4 Bc3 39. Kg2 1/2-1/2

[Event "Capablanca Memorial op 57th"]
[Site "Havana"]
[Date "2024.05.04"]
[Round "2"]
[White "Toledano Martinez, Hiram"]
[Black "Molina Suarez, Adrian de Jesus"]
[Result "0-1"]
[WhiteElo "1712"]
[BlackElo "2018"]
[PlyCount "64"]
[EventDate "2024.05.03"]
[EventType "swiss"]
[EventRounds "10"]
[EventCountry "CUB"]
[SourceTitle "EXT 2025"]
[Source "ChessBase"]
[SourceDate "2024.10.14"]
[SourceVersion "1"]
[SourceVersionDate "2024.10.14"]
[SourceQuality "1"]

1. e4 c5 2. Nf3 Nc6 3. Bb5 g6 4. 0-0 Bg7 5. Re1 a6 6. Bf1 d6 7. c3 e5 8. d3 Nge7 9. Be3 f5 10. exf5 Nxf5 11. Bg5 Qb6 12. Qc2 h6 13. Bd2 0-0 14. Na3 d5 15. Qc1 Kh7 16. Nc2 Be6 17. b4 cxb4 18. Rb1 a5 19. cxb4 a4 20. b5 Ncd4 21. Ncxd4 Nxd4 22. Nxe5 Rac8 23. Qd1 Nc2 24. Re2 Rxf2 25. Rxf2 Bxe5 26. Qf3 Bd4 27. Be1 Rc7 28. Qe2 Nxe1 29. Rxe1 Bg4 30. Qd2 Rf7 31. Ree2 Bxe2 32. Bxe2 Rxf2 0-1